000 00713nam a2200241 a 4500
001 BRCA_7709
005 20190320205945.0
008 300813s1950----enka######---#000-0#eng-#
041 _aeng
044 _aenk
050 4 _aNK7144
_b.E27 1950
245 1 0 _aEarly Stuart Silver
_cVictoria and Albert Museum.
260 _aLondres
_bH. M. Stationary Office
_c1950
300 _a2 p.
_bil., 27 láminas
_c18 cm.
440 0 _aIts small picture book
_v24
_919059
500 _aU46
650 1 4 _aPlatería inglesa
_97768
650 1 4 _aVajillas inglesas
_vPlata
_919060
650 1 4 _aGalerías y museos
_zInglaterra
_919061
710 2 _aVictoria and Albert Museum (Londres)
_919062
902 _aGFM
942 _2lcc
_cB
999 _c7383
_d7383